A first course in computers based on Windows XP and Office XP / (Record no. 51152)

MARC details
000 -LEADER
fixed length control field 00986nam a22002657a 4500
005 - DATE AND TIME OF LATEST TRANSACTION
control field 20110318111954.0
008 - FIXED-LENGTH DATA ELEMENTS--GENERAL INFORMATION
fixed length control field 110318t xxu||||| |||| 00| 0 eng d
010 ## - LCCN (DPL NO)
LC control number ENG-102173
020 ## - INTERNATIONAL STANDARD BOOK NUMBER
International Standard Book Number 9788125936312
Terms of availability 225.00
035 ## - SYSTEM CONTROL NUMBER
System control number EN-85706
037 ## - SOURCE OF ACQUISITION
Source of stock number/acquisition DBAD/PUB
040 ## - CATALOGING SOURCE
Original cataloging agency dpl
Language of cataloging Eng
082 ## - DEWEY DECIMAL CLASSIFICATION NUMBER
Classification number 001.64
100 1# - MAIN ENTRY--PERSONAL NAME
9 (RLIN) 26630
Personal name Saxena, Sanjay
245 10 - TITLE STATEMENT
Title A first course in computers based on Windows XP and Office XP /
Statement of responsibility, etc by Sanjay Saxena
250 ## - EDITION STATEMENT
Edition statement 2nd ed
260 ## - PUBLICATION, DISTRIBUTION, ETC. (IMPRINT)
Place of publication, distribution, etc Noida
Name of publisher, distributor, etc Vikas Publishing House
Date of publication, distribution, etc 2010
270 ## - ADDRESS
Address E-28, Sector-8
City Noida
Postal code 201301
300 ## - PHYSICAL DESCRIPTION
Extent xx, 500 p.:
Dimensions 24cm (pbk)
Other physical details ill.
Accompanying material 1 CD-ROM
650 #0 - SUBJECT ADDED ENTRY--TOPICAL TERM
9 (RLIN) 26631
700 ## - ADDED ENTRY--PERSONAL NAME
9 (RLIN) 26636
942 ## - ADDED ENTRY ELEMENTS (KOHA)
Source of classification or shelving scheme Dewey Decimal Classification
Item type English Books
Call number suffix SAX
Classification part 001.64
Holdings
Withdrawn status Lost status Source of classification or shelving scheme Damaged status Not for loan Collection code Home library Current library Date acquired Source of acquisition Cost, normal purchase price Total Checkouts Full call number Barcode Date last seen Copy number Cost, replacement price Koha item type
    Dewey Decimal Classification   Not For Loan Non-fiction D.B.Act.Division D.B.Act.Division 18/03/2011 DBAD/PUB 225.00   001.64 SAX EN-85706 18/03/2011 1 225.00 English Books

© Delhi Public Library
Hit Counter
free hit counter